South America : capitals - Map Quiz - Statistics

General Stats
  • This quiz has been taken 62 times
  • The average score is 9 of 12
Answers on the Map
Answers color-coded by a green-red scale on the quiz's map according to % correct below.
 
Answer Stats
Answer % Correct
Brasilia
88%
Santiago
88%
Buenos Aires
79%
Bogotá
73%
Caracas
73%
La Paz
73%
Lima
73%
Montevideo
70%
Quito
70%
Paramaribo
67%
Georgetown
61%
Asuncion
55%
No matching quizzes found
Score Distribution
Percent of People with Each Score
Percentile by Number Answered
Your Score History
You have not taken this quiz